[Event "DEN-ch corr"]
[Site "Denmark"]
[Date "2001.??.??"]
[Round "?"]
[White "Hansen, Ojvind"]
[Black "Johnsen, Klaus Hoeck"]
[Result "1/2-1/2"]
[WhiteElo "2151"]
[BlackElo "2240"]
[PlyCount "29"]
[EventDate "2001.??.??"]
[EventType "tourn (corr)"]
[EventRounds "13"]
[EventCountry "DEN"]
[SourceTitle "Corr 2006"]
[Source "ChessBase"]
[SourceDate "2006.04.01"]
[SourceVersion "3"]
[SourceVersionDate "2006.04.01"]
[SourceQuality "1"]

1. e4 e5 2. Nc3 Nc6 3. Bc4 Nf6 4. d3 Bc5 5. f4 d6 6. Nf3 a6 7. fxe5 dxe5 8. Nd5 Ng4 9. Rf1 Nxh2 10. Bg5 Nxf3+ 11. Qxf3 Qxg5 12. Qxf7+ Kd8 13. Qxc7+ Ke8 14. Qf7+ Kd8 15. Qc7+ 1/2-1/2

[Event "DEN-ch corr"]
[Site "Denmark"]
[Date "2001.??.??"]
[Round "?"]
[White "Hansen, Ojvind"]
[Black "Vermehren, Kaj"]
[Result "1/2-1/2"]
[WhiteElo "2151"]
[BlackElo "2016"]
[PlyCount "85"]
[EventDate "2001.??.??"]
[EventType "tourn (corr)"]
[EventRounds "13"]
[EventCountry "DEN"]
[SourceTitle "Corr 2006"]
[Source "ChessBase"]
[SourceDate "2006.04.01"]
[SourceVersion "3"]
[SourceVersionDate "2006.04.01"]
[SourceQuality "1"]

1. e4 e5 2. Nc3 Nf6 3. Bc4 Nc6 4. d3 Na5 5. Bb3 Nxb3 6. axb3 Bb4 7. Nf3 d6 8. 0-0 0-0 9. Bg5 c6 10. h3 h6 11. Bd2 Be6 12. Re1 c5 13. Ne2 Bxd2 14. Qxd2 a5 15. Qe3 Re8 16. Nc3 Nh5 17. Ne2 b6 18. Nd2 d5 19. Qf3 Qg5 20. exd5 Bxd5 21. Qxd5 Qxd2 22. Qc4 Qg5 23. Kh2 Rad8 24. Nc3 Nf4 25. Qe4 Qh4 26. Kg1 Re6 27. Ne2 Nxe2+ 28. Qxe2 Rd4 29. c3 Rd7 30. Rad1 Qf4 31. Qe4 Qxe4 32. dxe4 Red6 33. Rxd6 Rxd6 34. Kf1 Rd2 35. Re2 Rd1+ 36. Re1 Rxe1+ 37. Kxe1 Kh7 38. Ke2 b5 39. c4 b4 40. h4 Kg6 41. g4 Kf6 42. Kf3 g5 43. h5 1/2-1/2

[Event "DEN-ch corr"]
[Site "Denmark"]
[Date "2001.??.??"]
[Round "?"]
[White "Jorgensen, Eskild"]
[Black "Hansen, Ojvind"]
[Result "1-0"]
[WhiteElo "2261"]
[BlackElo "2151"]
[PlyCount "59"]
[EventDate "2001.??.??"]
[EventType "tourn (corr)"]
[EventRounds "13"]
[EventCountry "DEN"]
[SourceTitle "Corr 2006"]
[Source "ChessBase"]
[SourceDate "2006.04.01"]
[SourceVersion "3"]
[SourceVersionDate "2006.04.01"]
[SourceQuality "1"]

1. e4 c5 2. Nf3 d6 3. d4 cxd4 4. Nxd4 Nf6 5. Nc3 a6 6. Bg5 e6 7. f4 Qb6 8. Nb3 Be7 9. Be2 h6 10. Bxf6 Bxf6 11. Qd3 Nc6 12. Qxd6 Bxc3+ 13. bxc3 Qe3 14. Rd1 e5 15. f5 h5 16. Qd3 Qg5 17. 0-0 h4 18. a4 h3 19. g3 Rb8 20. g4 b6 21. Nd2 b5 22. axb5 axb5 23. Nf3 Qxg4+ 24. Kf2 Qf4 25. Qd5 Rh6 26. Rg1 Kf8 27. Qc5+ Kg8 28. Rxg7+ Kxg7 29. Rg1+ Rg6 30. fxg6 1-0

[Event "DEN-ch corr"]
[Site "Denmark"]
[Date "2000.??.??"]
[Round "?"]
[White "Bisgaard, Peter"]
[Black "Hansen, Ojvind"]
[Result "1-0"]
[WhiteElo "2067"]
[BlackElo "2151"]
[PlyCount "107"]
[EventDate "2000.??.??"]
[EventType "tourn (corr)"]
[EventRounds "11"]
[EventCountry "DEN"]
[SourceTitle "Corr 2006"]
[Source "ChessBase"]
[SourceDate "2006.04.01"]
[SourceVersion "3"]
[SourceVersionDate "2006.04.01"]
[SourceQuality "1"]

1. d4 Nf6 2. c4 g6 3. Nc3 d5 4. Nf3 Bg7 5. Qb3 dxc4 6. Qxc4 0-0 7. e4 Bg4 8. Be3 Nfd7 9. Rd1 Nc6 10. Qb3 Nb6 11. d5 Ne5 12. Be2 Nxf3+ 13. gxf3 Bh5 14. Rg1 Qd7 15. Rg3 c6 16. dxc6 Qxc6 17. Nb5 Rfc8 18. Rg5 Qe6 19. Qxe6 fxe6 20. Rc5 Rxc5 21. Bxc5 Kf7 22. b3 Be5 23. Be3 Bxh2 24. f4 e5 25. Bxh5 gxh5 26. fxe5 Bxe5 27. f4 Bb8 28. Ke2 a6 29. Nd4 Nd7 30. Nf5 Nf6 31. e5 Ng4 32. Bb6 a5 33. Rd8 Ra6 34. Bd4 Bc7 35. Rc8 Rc6 36. Ba7 Rc2+ 37. Kd3 Rc1 38. Kd2 Rc6 39. Nd4 Bxe5 40. Nxc6 Bxf4+ 41. Ke2 bxc6 42. Rxc6 h4 43. Rc3 Kg6 44. Bb6 Nf6 45. Bxa5 Kf5 46. a4 Ne4 47. Rc2 h3 48. Kf1 e5 49. Be1 Nd6 50. a5 Nb5 51. a6 Kg4 52. Bf2 Kf3 53. a7 Nxa7 54. Rc3+ 1-0

[Event "DEN-ch corr"]
[Site "Denmark"]
[Date "2000.??.??"]
[Round "?"]
[White "Hansen, Ojvind"]
[Black "Jorgensen, Eskild"]
[Result "1/2-1/2"]
[WhiteElo "2151"]
[BlackElo "2261"]
[PlyCount "62"]
[EventDate "2000.??.??"]
[EventType "tourn (corr)"]
[EventRounds "11"]
[EventCountry "DEN"]
[SourceTitle "Corr 2006"]
[Source "ChessBase"]
[SourceDate "2006.04.01"]
[SourceVersion "3"]
[SourceVersionDate "2006.04.01"]
[SourceQuality "1"]

1. e4 c6 2. d4 d5 3. Nc3 dxe4 4. Nxe4 Nd7 5. Bc4 Ngf6 6. Ng5 e6 7. Qe2 Nb6 8. Bb3 h6 9. N5f3 c5 10. Be3 Qc7 11. Ne5 a6 12. Ngf3 Nbd5 13. 0-0 Bd6 14. Nc4 Be7 15. dxc5 Nxe3 16. Nd6+ Bxd6 17. cxd6 Qxd6 18. Qxe3 0-0 19. Rad1 Qc7 20. Qe5 Qxe5 21. Nxe5 b5 22. c3 Bb7 23. Nd7 Nxd7 24. Rxd7 Bc6 25. Rd6 Rfc8 26. Rfd1 Kf8 27. f3 a5 28. a3 Ke7 29. Kf2 Ra7 30. R6d2 Rb8 31. Rd4 Rd7 1/2-1/2

[Event "DEN-ch corr"]
[Site "Denmark"]
[Date "2000.??.??"]
[Round "?"]
[White "Hansen, Ojvind"]
[Black "Ringsborg, Allan"]
[Result "1/2-1/2"]
[WhiteElo "2151"]
[BlackElo "2263"]
[PlyCount "73"]
[EventDate "2000.??.??"]
[EventType "tourn (corr)"]
[EventRounds "11"]
[EventCountry "DEN"]
[SourceTitle "Corr 2006"]
[Source "ChessBase"]
[SourceDate "2006.04.01"]
[SourceVersion "3"]
[SourceVersionDate "2006.04.01"]
[SourceQuality "1"]

1. e4 e5 2. Nc3 Nc6 3. Bc4 Nf6 4. Nf3 Bc5 5. d3 a6 6. Bg5 h6 7. Bxf6 Qxf6 8. Nd5 Qd8 9. c3 d6 10. d4 exd4 11. cxd4 Ba7 12. Rc1 0-0 13. 0-0 Bg4 14. Bxa6 Nxd4 15. Bxb7 Bxf3 16. gxf3 Rb8 17. Rxc7 Ne6 18. Re7 Nf4 19. Bc6 Nxd5 20. Rxa7 Qg5+ 21. Kh1 Nf4 22. Rg1 Qc5 23. Qc1 Qxa7 24. Qxf4 Kh8 25. Qg3 f5 26. b3 Rbd8 27. Bd5 Rf6 28. exf5 Rxf5 29. Be4 Rf6 30. Bd5 g5 31. h4 Qd4 32. Be4 Rg8 33. Qh3 g4 34. Rxg4 Rff8 35. h5 Rxg4 36. Qxg4 d5 37. Qg6 1/2-1/2

[Event "DEN-ch corr"]
[Site "Denmark"]
[Date "2000.??.??"]
[Round "?"]
[White "Kramer, Svend Erik"]
[Black "Hansen, Ojvind"]
[Result "1-0"]
[WhiteElo "2466"]
[BlackElo "2151"]
[PlyCount "83"]
[EventDate "2000.??.??"]
[EventType "tourn (corr)"]
[EventRounds "11"]
[EventCountry "DEN"]
[SourceTitle "Corr 2006"]
[Source "ChessBase"]
[SourceDate "2006.04.01"]
[SourceVersion "3"]
[SourceVersionDate "2006.04.01"]
[SourceQuality "1"]

1. e4 c5 2. Nf3 d6 3. d4 cxd4 4. Nxd4 Nf6 5. Nc3 a6 6. f3 b5 7. Be3 e6 8. Qd2 Be7 9. g4 h6 10. 0-0-0 Bb7 11. Bd3 Nc6 12. Nxc6 Bxc6 13. h4 Nd7 14. g5 Ne5 15. gxh6 gxh6 16. Be2 h5 17. a3 Qc7 18. Qd4 0-0-0 19. a4 Qb7 20. axb5 axb5 21. Qb4 Nc4 22. Bxc4 d5 23. Bc5 Bxc5 24. Qxc5 dxc4 25. Rhg1 Kb8 26. Rxd8+ Rxd8 27. Rg5 b4 28. Nb5 Bxb5 29. Qxb5 f5 30. Qa5 Qe7 31. Qb6+ Ka8 32. Rxh5 Qd6 33. Qxd6 Rxd6 34. exf5 exf5 35. Rxf5 Rd4 36. f4 c3 37. h5 Re4 38. Kb1 Re1+ 39. Ka2 Rh1 40. bxc3 bxc3 41. Kb3 Rh3 42. Rg5 1-0

[Event "DEN-ch corr"]
[Site "Denmark"]
[Date "2000.??.??"]
[Round "?"]
[White "Simmelsgaard, Jes Jorgen"]
[Black "Hansen, Ojvind"]
[Result "0-1"]
[WhiteElo "2122"]
[BlackElo "2151"]
[PlyCount "87"]
[EventDate "2000.??.??"]
[EventType "tourn (corr)"]
[EventRounds "11"]
[EventCountry "DEN"]
[SourceTitle "Corr 2006"]
[Source "ChessBase"]
[SourceDate "2006.04.01"]
[SourceVersion "3"]
[SourceVersionDate "2006.04.01"]
[SourceQuality "1"]

1. e4 c5 2. Nf3 d6 3. d4 cxd4 4. Nxd4 Nf6 5. Nc3 a6 6. h4 b5 7. a4 b4 8. Nd5 Nxd5 9. exd5 Bb7 10. Nf5 Qb6 11. h5 Nd7 12. a5 Qc5 13. Ne3 e6 14. dxe6 fxe6 15. Qg4 e5 16. Bd3 Nf6 17. Qe6+ Kd8 18. h6 Bc8 19. hxg7 Bxg7 20. Qc4 e4 21. Be2 Qxc4 22. Nxc4 Be6 23. Nxd6 Ke7 24. Nc4 Rac8 25. Ne3 Rc6 26. Bd2 Rb8 27. Ra4 b3 28. c3 Kf8 29. Nc4 Nd7 30. Rxh7 Ne5 31. Ra1 Kg8 32. Rh1 Nd3+ 33. Bxd3 exd3 34. Nb6 Re8 35. Kd1 Bf7 36. Re1 Bh5+ 37. f3 Rxe1+ 38. Bxe1 Bf7 39. Kd2 Bg6 40. Bf2 Bh6+ 41. Be3 Bxe3+ 42. Kxe3 Re6+ 43. Kd4 Re2 44. Nc4 0-1

[Event "DEN-ch corr"]
[Site "Denmark"]
[Date "1999.??.??"]
[Round "?"]
[White "Hansen, Ojvind"]
[Black "Christiansen, Tonny"]
[Result "1-0"]
[WhiteElo "2165"]
[BlackElo "2302"]
[PlyCount "85"]
[EventDate "1999.??.??"]
[EventType "tourn (corr)"]
[EventRounds "10"]
[EventCountry "DEN"]
[SourceTitle "Corr 2002"]
[Source "ChessBase"]
[SourceDate "2002.05.23"]
[SourceVersion "1"]
[SourceVersionDate "2002.05.23"]
[SourceQuality "1"]

1. e4 c5 2. Nf3 d6 3. d4 cxd4 4. Nxd4 Nf6 5. Nc3 a6 6. Bc4 e6 7. Bb3 b5 8. 0-0 Be7 9. Qf3 Qb6 10. Be3 Qb7 11. Qg3 Nbd7 12. f3 0-0 13. a3 Ne5 14. Rae1 Kh8 15. Kh1 Bd7 16. Bg5 Nc4 17. Nd1 e5 18. Nf5 Bxf5 19. exf5 h6 20. Qh3 Rfc8 21. c3 a5 22. Bxh6 gxh6 23. Qxh6+ Kg8 24. f4 Nh7 25. f6 Bf8 26. Qh4 Nxf6 27. Qxf6 Bg7 28. Qg5 f6 29. Qg4 Re8 30. Ne3 d5 31. Nf5 e4 32. Bxc4 bxc4 33. Re3 Red8 34. Rg3 Rd7 35. Nh6+ Kh8 36. Qh5 Bxh6 37. Qxh6+ Rh7 38. Qxf6+ Rg7 39. Rd1 Qe7 40. Qxg7+ Qxg7 41. Rxg7 Kxg7 42. Rxd5 Rb8 43. Rd2 1-0

[Event "DEN-ch corr"]
[Site "Denmark"]
[Date "1999.??.??"]
[Round "?"]
[White "Hansen, Ojvind"]
[Black "Madsen, Hans Henrik"]
[Result "1-0"]
[WhiteElo "2165"]
[BlackElo "2097"]
[PlyCount "73"]
[EventDate "1999.??.??"]
[EventType "tourn (corr)"]
[EventRounds "10"]
[EventCountry "DEN"]
[SourceTitle "Corr 2002"]
[Source "ChessBase"]
[SourceDate "2002.05.23"]
[SourceVersion "1"]
[SourceVersionDate "2002.05.23"]
[SourceQuality "1"]

1. e4 g6 2. d4 d6 3. f4 Bg7 4. Nc3 Nf6 5. Nf3 0-0 6. Bd3 Na6 7. 0-0 c5 8. d5 Rb8 9. e5 dxe5 10. Bxa6 bxa6 11. fxe5 Ng4 12. Bf4 Rxb2 13. h3 Rb4 14. Qd2 Rxf4 15. Qxf4 Bh6 16. Ng5 f6 17. hxg4 Bxg5 18. Qg3 fxe5 19. Rxf8+ Qxf8 20. Ne4 Bf4 21. Qf3 c4 22. g3 Bh6 23. Qe2 Qd8 24. g5 Qb6+ 25. Kh2 Bf8 26. Qxc4 Qd4 27. Qxd4 exd4 28. Re1 Bb7 29. c4 dxc3 30. Nxc3 Kf7 31. Rb1 Bc8 32. Rb8 Bf5 33. Rb7 Bg7 34. Ne2 Be5 35. Nf4 Bd6 36. Rxa7 Bc8 37. a4 1-0

[Event "DEN-ch corr"]
[Site "Denmark"]
[Date "1999.??.??"]
[Round "?"]
[White "Laursen, Bjorn"]
[Black "Hansen, Ojvind"]
[Result "0-1"]
[WhiteElo "2170"]
[BlackElo "2165"]
[PlyCount "130"]
[EventDate "1999.??.??"]
[EventType "tourn (corr)"]
[EventRounds "10"]
[EventCountry "DEN"]
[SourceTitle "Corr 2002"]
[Source "ChessBase"]
[SourceDate "2002.05.23"]
[SourceVersion "1"]
[SourceVersionDate "2002.05.23"]
[SourceQuality "1"]

1. d4 Nf6 2. Nc3 e6 3. e4 Bb4 4. e5 Nd5 5. Bd2 Nxc3 6. bxc3 Be7 7. Bd3 d6 8. Nf3 dxe5 9. Nxe5 Nd7 10. Nxd7 Qxd7 11. 0-0 0-0 12. Qh5 g6 13. Qe5 Bd6 14. Qf6 Be7 15. Qf3 Rd8 16. Rfe1 c5 17. Be3 Qc7 18. Reb1 Rb8 19. h3 b6 20. Be4 Ba6 21. Bf4 Bd6 22. Bg5 Rd7 23. Bf6 Bb7 24. Bxb7 Rxb7 25. Rd1 cxd4 26. Rxd4 Rb8 27. Rad1 Bh2+ 28. Kh1 Rxd4 29. cxd4 Bd6 30. d5 Qc4 31. Qg4 Qxg4 32. hxg4 Re8 33. Re1 Kf8 34. Re2 Be7 35. Bxe7+ Kxe7 36. dxe6 fxe6 37. c4 Rc8 38. Re4 Rd8 39. g5 Rd2 40. Rh4 Rxf2 41. Rxh7+ Rf7 42. Rh6 Rg7 43. Kg1 Kd6 44. Kf2 Ke5 45. Ke3 Kf5 46. Rh3 Rd7 47. Rf3+ Kxg5 48. Rf2 Rd6 49. Ke4 Rd1 50. Rf7 a5 51. Rb7 Rd6 52. Ke5 Rc6 53. a3 Kh4 54. Re7 Rxc4 55. Rxe6 Rg4 56. Rxb6 Rxg2 57. Kd4 Rg4+ 58. Kc5 a4 59. Kb5 Kh5 60. Rb8 Rf4 61. Rh8+ Kg4 62. Rh1 g5 63. Rg1+ Kf5 64. Kc5 g4 65. Kd5 Rf3 0-1